Kitsuné : Japan's fox of mystery, romance & humor

Uloženo v:
Podrobná bibliografie
Hlavní autor: Nozaki, Kiyoshi
Médium: Kniha
Jazyk:Undetermined
Vydáno: Japan The Hokuseido Press 1961
Témata:
Tagy: Přidat tag
Žádné tagy, Buďte první, kdo otaguje tento záznam!
Thư viện lưu trữ: Trung tâm Học liệu Trường Đại học Cần Thơ
LEADER 00567nam a2200205Ia 4500
001 CTU_113576
008 210402s9999 xx 000 0 und d
082 |a 895.63 
082 |b N961 
100 |a Nozaki, Kiyoshi 
245 0 |a Kitsuné : 
245 0 |b Japan's fox of mystery, romance & humor 
245 0 |c Kiyoshi Nozaki 
260 |a Japan 
260 |b The Hokuseido Press 
260 |c 1961 
650 |a Japan,Japanese literature 
650 |x Social life and customs,Fiction 
904 |i Giang 
980 |a Trung tâm Học liệu Trường Đại học Cần Thơ